Research Methodology (Record no. 721)

MARC details
000 -LEADER
Fixed length control field 00461nam a2200169 4500
003 - CONTROL NUMBER IDENTIFIER
Control field SEACOMMC
005 - DATE AND TIME OF LATEST TRANSACTION
Control field 20250424133141.0
008 - FIXED-LENGTH DATA ELEMENTS--GENERAL INFORMATION
Fixed length control field 241104b |||||||| |||| 00| 0 eng d
020 ## - INTERNATIONAL STANDARD BOOK NUMBER / ISBN
International Standard Book Number 978-81-20349-46-9
Price Rs.325.00
040 ## - CATALOGING SOURCE
Original cataloging agency SEACOMMC
082 ## - DEWEY DECIMAL CLASSIFICATION NUMBER
Classification number 001.42
Book Number P 194
100 ## - MAIN ENTRY--PERSONAL NAME
Personal name Panneerselvam ,R.
245 1# - TITLE STATEMENT
Title Research Methodology
Statement of responsibility R. Panneerselvam
260 ## - IMPRINT
Place of publication New Delhi
Name of publisher Prentice-Hall of India
Date of publication 2004
650 ## - SUBJECT ADDED ENTRY--TOPICAL TERM
Topical term Research Methodology
942 ## - ADDED ENTRY ELEMENTS (KOHA)
Koha item type Books
Holdings
Withdrawn status Lost status Source of classification Damaged status Not for loan Home library Current library Shelving location Date acquired Total Checkouts Call number Accession number Date last seen Price effective from Koha item type Copy number
    Dewey Decimal Classification     SEACOM MANAGEMENT COLLEGE SEACOM MANAGEMENT COLLEGE Reference 13/11/2007   001.42 P 194 M-769 04/11/2024 04/11/2024 Books  
    Dewey Decimal Classification     SEACOM MANAGEMENT COLLEGE SEACOM MANAGEMENT COLLEGE   13/11/2007   001.42 P 194 M-770 04/11/2024 04/11/2024 Books 1
    Dewey Decimal Classification     SEACOM MANAGEMENT COLLEGE SEACOM MANAGEMENT COLLEGE   13/11/2007   001.42 P 194 M-771 04/11/2024 04/11/2024 Books 2
© Seacom Engineering College, All rights reserved.    Powered by Koha